Zákon o spotrebnej dani z alkoholických nápojov od roku 2021
Od januára 2021 nadobúda platnosť novelizácia zákona č.530/2011 Z.z. o spotrebnej dani z alkoholických nápojov v znp., ako aj zmena zákona č.467/2002 Z.z. o výrobe a uvádzaní liehu na trh v znp. Všetky zmeny v zákone nenadobúdajú účinnosť hneď od 1. januára, ale vo viacerých časových periódach. Od...
Salvato in:
| Autore principale: | |
|---|---|
| Natura: | Capitolo di libro |
| Lingua: | slovacco |
| Soggetti: | |
| Tags: |
Nessun Tag, puoi essere il primo ad aggiungerne!!
|
MARC
| LEADER | 00000naa a2200000 4500 | ||
|---|---|---|---|
| 001 | 0273681 | ||
| 005 | 20240502074318.1 | ||
| 041 | 0 | |a slo | |
| 044 | |a SK | ||
| 245 | 1 | 0 | |a Zákon o spotrebnej dani z alkoholických nápojov od roku 2021 |c Juraj Válek |
| 520 | |a Od januára 2021 nadobúda platnosť novelizácia zákona č.530/2011 Z.z. o spotrebnej dani z alkoholických nápojov v znp., ako aj zmena zákona č.467/2002 Z.z. o výrobe a uvádzaní liehu na trh v znp. Všetky zmeny v zákone nenadobúdajú účinnosť hneď od 1. januára, ale vo viacerých časových periódach. Od 1. júla 2021, od 1. októbra 2021, od 1. januára 2022 atď. | ||
| 610 | 2 | 0 | |a nápoje alkoholické |
| 610 | 2 | 0 | |a lieh |
| 610 | 2 | 0 | |a výroba |
| 610 | 2 | 0 | |a trh |
| 610 | 2 | 0 | |a dane spotrebné |
| 610 | 2 | 0 | |a zákony |
| 610 | 2 | 0 | |a novelizácia |
| 100 | 1 | |a Válek, Juraj, 1981- | |